000 00816cam a2200277 i 4500
001 11838
003 BD-RjUL
005 20211208235206.0
008 140127s1978 enka b 001 0 eng d
020 _a0470990961 (Wiley)
020 _a0412131706
035 _a(BD-RjUL)11887
040 _aDLC
_cDLC
_dDLC
_dBD-RjUL
_beng
041 _aeng
082 0 0 _a573.21
_bEDH 1978
100 1 _aEdwards, J. H.
_q(John Hilton)
_936670
245 1 0 _aHuman genetics /
_cJ. H. Edwards.
260 _aLondon :
_bChapman and Hall ;
_aNew York :
_bWiley,
_cc1978.
300 _a80 p. :
_bill. ;
_c22 cm.
490 0 _aOutline studies in biology
504 _aIncludes bibliographical references and index.
650 0 _aHeredity, Human
_936671
_vGenetics
942 _2ddc
_cBK
999 _c11838
_d11838